[Event "33.Schlosspark-Open"]
[Site "Wiesbaden-Biebrich"]
[Date "2024.08.23"]
[Round "2.53"]
[White "Memic, Miodrag"]
[Black "Yozgyur, Ediz"]
[Result "1-0"]
[WhiteElo "2009"]
[BlackElo "1758"]
[PlyCount "115"]
[EventDate "2024.08.22"]
[WhiteTeam "SV Mainz-Mombach"]
[BlackTeam "Kreuznacher SV 1921 e.V."]

1. e4 c5 2. Nf3 d6 3. h3 Nf6 4. d3 g6 5. b3 Bg7 6. Bb2 Nc6 7. Be2 O-O 8. O-O d5 9. exd5 Nxd5 10. Bxg7 Kxg7 11. Nh2 Qc7 12. Re1 Nf4 13. Bf1 Rd8 14. Nc3 Qa5 15. Ne2 Nxe2+ 16. Rxe2 Bf5 17. Nf3 f6 18. Qe1 Qxe1 19. Raxe1 e5 20. g4 Be6 21. g5 Bd5 22. gxf6+ Kxf6 23. Nxe5 Nd4 24. Ng4+ Kg5 25. Re5+ Kh4 26. Bg2 Bxg2 27. Kxg2 Nxc2 28. R1e4 Rd4 29. Ne3+ Rxe4 30. Rxe4+ Kg5 31. Nxc2 Rd8 32. Ne1 Kf6 33. f4 Rd6 34. Kf3 Ra6 35. Ra4 Re6 36. Nc2 Rd6 37. Ke2 a6 38. Ne3 Re6 39. Re4 h5 40. h4 b5 41. Nd5+ Kf5 42. Rxe6 Kxe6 43. Nc7+ Kf5 44. Kf3 g5 45. fxg5 Ke5 46. Nxa6 Kd6 47. Nxc5 Kxc5 48. Ke4 Kd6 49. d4 b4 50. d5 Ke7 51. Ke5 Kd7 52. d6 Ke8 53. Ke6 Kf8 54. d7 Kg7 55. d8=Q Kh7 56. Qe7+ Kh8 57. Kf6 Kg8 58. Qg7# 1-0

[Event "33.Schlosspark-Open"]
[Site "Wiesbaden-Biebrich"]
[Date "2024.08.23"]
[Round "2.54"]
[White "Hauptmann, Thomas"]
[Black "Bartsch, Marius"]
[Result "1/2-1/2"]
[WhiteElo "1984"]
[BlackElo "1750"]
[PlyCount "38"]
[EventDate "2024.08.22"]
[WhiteTeam "Fischer Z"]
[BlackTeam "Wiesbadener SV 1885"]

1. e4 d6 2. d4 Nf6 3. Nc3 g6 4. Nf3 Bg7 5. Be2 O-O 6. O-O Bg4 7. h3 Bxf3 8. Bxf3 c6 9. a4 Nbd7 10. Be3 e5 11. Qd2 Re8 12. Rfe1 Qc7 13. g3 exd4 14. Bxd4 Ne5 15. Bxe5 dxe5 16. Bg2 Rad8 17. Qe3 Qb6 18. Qxb6 axb6 19. Red1 Rxd1+ 1/2-1/2

[Event "33.Schlosspark-Open"]
[Site "Wiesbaden-Biebrich"]
[Date "2024.08.23"]
[Round "2.55"]
[White "Martin, Reiner"]
[Black "Kappeler, Georg"]
[Result "1-0"]
[WhiteElo "1974"]
[BlackElo "1737"]
[PlyCount "73"]
[EventDate "2024.08.22"]
[WhiteTeam "SC Bad Soden"]
[BlackTeam "SK Marburg 1931/72"]

1. d4 Nf6 2. c4 g6 3. f3 Bg7 4. e4 d6 5. Nc3 O-O 6. Nge2 e5 7. d5 Nbd7 8. Bg5 a5 9. Qd2 Nc5 10. g4 c6 11. Ng3 cxd5 12. cxd5 Qb6 13. Rb1 Bd7 14. h4 Na4 15. Bd3 Rac8 16. h5 Qd4 17. Nge2 Qc5 18. Be3 Qc7 19. Bh6 Nxc3 20. Nxc3 Qc5 21. Bg5 b5 22. Be3 Qc7 23. Nxb5 Bxb5 24. Bxb5 Qc2 25. Ke2 Qxd2+ 26. Kxd2 Rb8 27. a4 Ne8 28. Rhc1 Nf6 29. h6 Bh8 30. Rc6 Rfd8 31. Bb6 Rdc8 32. Rbc1 Rxc6 33. dxc6 Ne8 34. c7 Nxc7 35. Bxc7 Ra8 36. Bxa5 Bf6 37. Kd3 1-0

[Event "33.Schlosspark-Open"]
[Site "Wiesbaden-Biebrich"]
[Date "2024.08.23"]
[Round "2.56"]
[White "Muller-Moingt, Bastien"]
[Black "Strache, Rolf"]
[Result "1-0"]
[WhiteElo "1957"]
[BlackElo "1714"]
[Annotator "Schloessner,Henrik"]
[PlyCount "62"]
[EventDate "2024.08.22"]
[WhiteTeam "OSG Baden-Baden"]
[BlackTeam "SK Herborn 1946"]

1. e4 c5 2. Nf3 g6 3. c3 Nc6 4. d4 cxd4 5. cxd4 d6 6. h3 Bg7 7. Nc3 a6 8. Be2 Nf6 9. O-O O-O 10. Re1 b5 11. a3 Bb7 12. Bf1 Nd7 13. Bg5 Re8 14. Rc1 Rc8 15. Nd5 Nf8 16. Qd3 Ne6 17. Be3 h6 18. b3 Nf8 19. Qb1 e6 20. Nf4 Qd7 21. Nd3 Ne7 22. Nd2 Rxc1 23. Rxc1 Rc8 24. Rd1 f5 25. f3 Nh7 26. Bf2 Nf6 27. e5 Nfd5 28. Rc1 dxe5 29. Nc5 Qc6 30. dxe5 Bxe5 31. Re1 Qc7 {Ab hier ergeben beide Notationen keinen Sinn mehr! 1-0 (41)} 1-0

[Event "33.Schlosspark-Open"]
[Site "Wiesbaden-Biebrich"]
[Date "2024.08.23"]
[Round "2.58"]
[White "Brechlin, Olaf"]
[Black "Traut, Stefan"]
[Result "1-0"]
[WhiteElo "1917"]
[BlackElo "1713"]
[PlyCount "89"]
[EventDate "2024.08.22"]
[WhiteTeam "FVS ASP Hoyerswerda"]
[BlackTeam "SF Heusenstamm"]

1. Nc3 Nf6 2. e4 d6 3. f4 Nc6 4. Nf3 Bg4 5. Bc4 g6 6. d3 Bg7 7. Be3 O-O 8. h3 Bxf3 9. Qxf3 a6 10. O-O Qd7 11. Ne2 b5 12. Bb3 Na5 13. c3 Nxb3 14. axb3 a5 15. d4 a4 16. e5 dxe5 17. fxe5 Nd5 18. bxa4 Nxe3 19. Qxe3 bxa4 20. Ra3 e6 21. Rfa1 Qc6 22. Qf3 Qxf3 23. gxf3 Rfb8 24. b4 f6 25. exf6 Bxf6 26. Rxa4 Rxa4 27. Rxa4 Rd8 28. Ra6 Kf7 29. Rc6 Rd7 30. f4 g5 31. Kf2 gxf4 32. Nxf4 e5 33. Nh5 Bh8 34. d5 Rxd5 35. Rxc7+ Kg6 36. Ng3 Bf6 37. Ne4 Bh4+ 38. Ke3 Be1 39. c4 Rd1 40. b5 Rb1 41. Rc6+ Kh5 42. b6 Rb3+ 43. Ke2 Ba5 44. c5 Rxh3 45. Re6 1-0

[Event "33.Schlosspark-Open"]
[Site "Wiesbaden-Biebrich"]
[Date "2024.08.23"]
[Round "2.59"]
[White "Stehning, Toni"]
[Black "Frohneberg, Paul"]
[Result "1-0"]
[WhiteElo "1857"]
[BlackElo "1705"]
[PlyCount "65"]
[EventDate "2024.08.22"]
[WhiteTeam "SF Braunfels"]
[BlackTeam "Kreuznacher SV 1921 e.V."]

1. e4 c5 2. Nc3 d6 3. g3 Nc6 4. Bg2 Nf6 5. d3 g6 6. Be3 Bg7 7. h3 Bd7 8. Qd2 Nd4 9. Nge2 Nxe2 10. Nxe2 h5 11. f4 Bc6 12. Rg1 Qc7 13. Nc3 e6 14. Qf2 b6 15. e5 dxe5 16. Nb5 Qd7 17. fxe5 Nd5 18. Nd6+ Kf8 19. Rf1 f5 20. exf6 Nxf6 21. Bxc6 Qxc6 22. Ne4 Ke7 23. Bg5 Rhf8 24. Nxf6 Bxf6 25. Bxf6+ Kd7 26. Qe2 e5 27. Bg5 e4 28. O-O-O Rae8 29. dxe4+ Kc8 30. Rxf8 Rxf8 31. Bf4 b5 32. Rd6 Qe8 33. Qe3 1-0

[Event "33.Schlosspark-Open"]
[Site "Wiesbaden-Biebrich"]
[Date "2024.08.23"]
[Round "2.60"]
[White "Cimicky, Václav"]
[Black "Kail, Sindy"]
[Result "0-1"]
[WhiteElo "1699"]
[BlackElo "1879"]
[PlyCount "78"]
[EventDate "2024.08.22"]
[WhiteTeam "Sfr Stiller Zug Wiesbaden"]
[BlackTeam "SK 1925 Großwallstadt"]

1. e4 c5 2. Nf3 d6 3. d4 cxd4 4. Nxd4 Nf6 5. Nc3 a6 6. Be2 e5 7. Nf3 Qc7 8. O-O h6 9. Nd5 Nxd5 10. exd5 Be7 11. c4 O-O 12. b3 f5 13. Bb2 Nd7 14. Rc1 b6 15. b4 Bb7 16. Qc2 Rac8 17. Qb3 g5 18. Ne1 g4 19. f4 gxf3 20. Qxf3 Bg5 21. Rd1 Rf7 22. Qh3 Rcf8 23. Bc1 Bxc1 24. Rxc1 Rf6 25. Rd1 e4 26. Nc2 Ne5 27. Nd4 Bc8 28. Rc1 f4 29. Ne6 Bxe6 30. dxe6 Qg7 31. Kh1 Rg6 32. c5 bxc5 33. bxc5 dxc5 34. Rxc5 f3 35. gxf3 exf3 36. Bxa6 f2 37. Rcc1 Nf3 38. Qxf3 Rxf3 39. Rc8+ Kh7 0-1

[Event "33.Schlosspark-Open"]
[Site "Wiesbaden-Biebrich"]
[Date "2024.08.23"]
[Round "2.61"]
[White "Wunschik, Joachim"]
[Black "Gerber, Ingo"]
[Result "0-1"]
[WhiteElo "1879"]
[BlackElo "1693"]
[PlyCount "76"]
[EventDate "2024.08.22"]
[WhiteTeam "SV Rüsselsheim 1929"]
[BlackTeam "Sfr.Mainz 1928"]

1. d4 Nf6 2. c4 g6 3. Nc3 Bg7 4. e4 d6 5. Be2 O-O 6. Be3 e5 7. d5 Bd7 8. h4 Qc8 9. f3 Nh5 10. g4 Ng3 11. Rh3 Nxe2 12. Ngxe2 h5 13. Rg3 hxg4 14. fxg4 Bxg4 15. Qd2 Bh5 16. O-O-O Nd7 17. Bh6 Qd8 18. Bxg7 Kxg7 19. Rg5 Nf6 20. Rdg1 Rh8 21. Ng3 Kf8 22. Rf1 Nh7 23. Rxh5 gxh5 24. Qh6+ Ke8 25. Qg7 Rf8 26. Qxh7 Qxh4 27. Nce2 Qg5+ 28. Kb1 Qg6 29. Qxg6 fxg6 30. Rxf8+ Kxf8 31. Kc2 Kg7 32. Kd3 Rf8 33. Ke3 h4 34. Nh1 Kh6 35. Nf2 Kh5 36. b4 g5 37. c5 g4 38. Nc3 Rf3+ 0-1

[Event "33.Schlosspark-Open"]
[Site "Wiesbaden-Biebrich"]
[Date "2024.08.23"]
[Round "2.62"]
[White "Frömbgen, Andreas"]
[Black "Kail, Thomas"]
[Result "1-0"]
[WhiteElo "1874"]
[BlackElo "1679"]
[PlyCount "121"]
[EventDate "2024.08.22"]
[WhiteTeam "SK Gau-Algesheim"]
[BlackTeam "SK 1925 Großwallstadt"]

1. c4 e5 2. g3 c5 3. Bg2 Nc6 4. e3 Nf6 5. Nc3 d6 6. a3 Be7 7. Qc2 O-O 8. Nge2 Be6 9. d3 Qd7 10. O-O Bh3 11. Rb1 Bxg2 12. Kxg2 Rfb8 13. b4 cxb4 14. axb4 d5 15. c5 b6 16. d4 bxc5 17. bxc5 Rxb1 18. Qxb1 Rb8 19. Qa1 a5 20. Na4 h5 21. dxe5 Ne4 22. Nf4 h4 23. Nb6 Qf5 24. Nbxd5 Bxc5 25. f3 Ng5 26. g4 Qxe5 27. Qa4 Ne7 28. Nxe7+ Bxe7 29. Qa2 Bd6 30. Qd5 Qxd5 31. Nxd5 a4 32. Nc3 a3 33. e4 Ne6 34. f4 Nd4 35. e5 Bc5 36. Rd1 Ne2 37. Bd2 Nxc3 38. Bxc3 a2 39. Kf1 Be3 40. f5 Rb1 41. Ke2 Rxd1 42. Kxd1 Bf4 43. h3 Kf8 44. Kc2 Ke7 45. Kb3 f6 46. e6 a1=Q 47. Bxa1 g5 48. Kc4 Bd6 49. Kd5 Ba3 50. Bd4 Bc1 51. Bc5+ Ke8 52. Kc6 Bb2 53. Bd6 Bc3 54. Kd5 Bd2 55. e7 Bc3 56. Ke6 Bb2 57. Bc5 Bc3 58. Be3 Bb2 59. Bxg5 fxg5 60. f6 Bxf6 61. Kxf6 1-0

[Event "33.Schlosspark-Open"]
[Site "Wiesbaden-Biebrich"]
[Date "2024.08.23"]
[Round "2.63"]
[White "Busch, Günther"]
[Black "Launert, Martin"]
[Result "0-1"]
[WhiteElo "1679"]
[BlackElo "1874"]
[PlyCount "120"]
[EventDate "2024.08.22"]
[WhiteTeam "Sfr Stiller Zug Wiesbaden"]
[BlackTeam "SF Eltville"]

1. Nf3 d5 2. e3 Nf6 3. c4 c6 4. b3 Bg4 5. Bb2 e6 6. Be2 Be7 7. O-O O-O 8. Nd4 Bxe2 9. Qxe2 Nbd7 10. Nf3 Rc8 11. d4 Re8 12. Nbd2 Nf8 13. Ne5 Ng6 14. Nxg6 hxg6 15. c5 b6 16. b4 Nd7 17. Nf3 Bf6 18. Ne5 Bxe5 19. dxe5 bxc5 20. bxc5 Nxc5 21. Rfc1 Nd7 22. Qa6 Qb6 23. Qa3 c5 24. Bc3 a6 25. Rab1 Qa7 26. Qb2 Rb8 27. Qd2 Rxb1 28. Rxb1 Rb8 29. Re1 Rb5 30. f4 Qb8 31. Qc2 Qb7 32. Qf2 Rb1 33. Qh4 Rxe1+ 34. Qxe1 Nb8 35. Qc1 Nc6 36. Bd2 Qb5 37. Kf2 Nb4 38. Bxb4 Qxb4 39. a3 Qb5 40. Qc3 Kf8 41. Ke1 Ke7 42. Kf2 a5 43. Ke1 Kd7 44. Qc2 Kc6 45. g3 c4 46. h4 Qb3 47. Qxb3 cxb3 48. Kd2 a4 49. Kc3 Kd7 50. Kd3 Ke7 51. Kc3 f6 52. Kd3 Kf7 53. g4 fxe5 54. fxe5 g5 55. h5 Ke7 56. Kc3 Kd7 57. Kd3 Kc6 58. Kc3 Kb5 59. Kd3 Kc5 60. Kc3 d4+ 0-1

[Event "33.Schlosspark-Open"]
[Site "Wiesbaden-Biebrich"]
[Date "2024.08.23"]
[Round "2.64"]
[White "Schellen, Sven"]
[Black "Kaiser, Danny"]
[Result "1-0"]
[WhiteElo "1873"]
[BlackElo "1669"]
[PlyCount "79"]
[EventDate "2024.08.22"]
[WhiteTeam "SV Frankfurt Nord 1926"]
[BlackTeam "SC Bad Nauheim"]

1. Nf3 Nf6 2. g3 d5 3. Bg2 e6 4. O-O Nc6 5. d4 Be7 6. c4 O-O 7. Qc2 h6 8. Nbd2 Re8 9. Rd1 b6 10. cxd5 Nb4 11. Qb1 exd5 12. Ne5 Bd6 13. a3 Na6 14. f4 c5 15. e4 cxd4 16. Nxf7 Kxf7 17. e5 Bxe5 18. fxe5 Rxe5 19. Qd3 Qe7 20. Nf3 Re6 21. b4 Bb7 22. Bf4 Re8 23. Rac1 Rc8 24. Rxc8 Bxc8 25. Bh3 Re3 26. Bxe3 Bxh3 27. Bxd4 Nc7 28. Re1 Qd8 29. Ne5+ Kg8 30. Qg6 Qe8 31. Qxe8+ Nfxe8 32. Nc6 Nd6 33. Re7 Ncb5 34. Rxg7+ Kf8 35. Rg6 Ke8 36. Rxh6 Bd7 37. Rh8+ Kf7 38. Rh7+ Ke8 39. Re7+ Kf8 40. Rxd7 1-0

[Event "33.Schlosspark-Open"]
[Site "Wiesbaden-Biebrich"]
[Date "2024.08.23"]
[Round "2.65"]
[White "Hipler, Andreas"]
[Black "Schmitz, Bernhard Hubert"]
[Result "1-0"]
[WhiteElo "1862"]
[BlackElo "1659"]
[PlyCount "51"]
[EventDate "2024.08.22"]
[WhiteTeam "SK Gau-Algesheim"]
[BlackTeam "Vorw.Orient Mainz"]

1. d4 Nf6 2. Nf3 b5 3. g3 Bb7 4. Bg2 d5 5. O-O Nbd7 6. a4 b4 7. c4 bxc3 8. Nxc3 c5 9. Qb3 Rb8 10. Bf4 c4 11. Qc2 Rc8 12. b3 e6 13. Rfb1 Bc6 14. b4 a6 15. b5 axb5 16. axb5 Ba8 17. Ra7 Nh5 18. Rba1 Nb6 19. Ne5 Be7 20. Na4 O-O 21. Nxb6 Qxb6 22. Rxe7 Nxf4 23. Nd7 Qd6 24. Nxf8 Qxe7 25. Qxh7+ Kxf8 26. Qh8# 1-0

[Event "33.Schlosspark-Open"]
[Site "Wiesbaden-Biebrich"]
[Date "2024.08.23"]
[Round "2.66"]
[White "Held, Gerd"]
[Black "De Kruif, Kees"]
[Result "0-1"]
[WhiteElo "1674"]
[BlackElo "1859"]
[PlyCount "68"]
[EventDate "2024.08.22"]
[WhiteTeam "SC Groß-Zimmern"]
[BlackTeam "Fischer Z"]

1. c4 f5 2. g3 Nf6 3. Bg2 g6 4. Nf3 Bg7 5. O-O O-O 6. d4 d6 7. Nc3 c6 8. b4 a5 9. b5 a4 10. Nxa4 Qa5 11. Nb2 cxb5 12. cxb5 Qxb5 13. a4 Qa6 14. Nd3 Nc6 15. e3 Be6 16. Nf4 Bc4 17. Re1 e5 18. dxe5 dxe5 19. Ne2 Rfd8 20. Qc2 Nb4 21. Qc3 Nd3 22. Rd1 Ne4 23. Qc2 Nexf2 24. Rd2 Rac8 25. Bf1 Bd5 26. Qb1 Bxf3 27. Qb3+ Bd5 28. Qb1 Bc4 29. Nc3 Nxc1 30. Bxc4+ Qxc4 31. Rxd8+ Rxd8 32. Qc2 Ncd3 33. Qd2 Qc6 34. Rf1 Qh1# 0-1

[Event "33.Schlosspark-Open"]
[Site "Wiesbaden-Biebrich"]
[Date "2024.08.23"]
[Round "2.67"]
[White "Rabiya, Karim"]
[Black "Felten, Pascal"]
[Result "1-0"]
[WhiteElo "1858"]
[BlackElo "1649"]
[PlyCount "82"]
[EventDate "2024.08.22"]
[WhiteTeam "SK Niederbrechen 1948"]
[BlackTeam "Bochum"]

1. e4 c5 2. Nf3 d6 3. d4 cxd4 4. Nxd4 Nf6 5. Nc3 a6 6. h3 b5 7. g4 h6 8. Bg2 Bb7 9. O-O e6 10. Qe2 Nbd7 11. Re1 Rc8 12. e5 dxe5 13. Nxe6 Qb6 14. Be3 Qxe6 15. Bxb7 Rc7 16. Bg2 Be7 17. f4 O-O 18. g5 hxg5 19. fxg5 Nh7 20. Nd5 Rc4 21. b3 Rcc8 22. h4 Bc5 23. Be4 Bxe3+ 24. Nxe3 g6 25. Rad1 Nc5 26. Bd5 Qb6 27. h5 Nxg5 28. hxg6 Qxg6 29. Qg2 Nh3+ 30. Kh2 Qxg2+ 31. Nxg2 Nf2 32. Rd2 Ng4+ 33. Kh3 Nf6 34. Rxe5 Nxd5 35. Rdxd5 Ne6 36. Re4 Rfd8 37. Rg4+ Kf8 38. Rxd8+ Rxd8 39. Kg3 Rd2 40. Ne3 Ke7 41. a4 Rd4 1-0

[Event "33.Schlosspark-Open"]
[Site "Wiesbaden-Biebrich"]
[Date "2024.08.23"]
[Round "2.68"]
[White "Meding, Olaf"]
[Black "Vick, Edward"]
[Result "1-0"]
[WhiteElo "1856"]
[BlackElo "1640"]
[PlyCount "67"]
[EventDate "2024.08.22"]
[WhiteTeam "Sfr.Mainz 1928"]
[BlackTeam "TuS Makkabi Wiesbaden"]

1. d4 Nf6 2. Nc3 e6 3. Bf4 Bb4 4. e3 d5 5. Nf3 Ne4 6. Qd3 Bd7 7. a3 Bxc3+ 8. bxc3 b5 9. Ne5 a6 10. f3 Nd6 11. Be2 f6 12. Nxd7 Qxd7 13. e4 Nc4 14. O-O O-O 15. Qd1 Nb2 16. Qc1 Na4 17. Qe1 Qc6 18. exd5 exd5 19. Bd3 Re8 20. Qh4 h6 21. Qg3 g5 22. Rae1 Nd7 23. Bd2 Nf8 24. f4 Rxe1 25. Rxe1 Nxc3 26. Bxc3 Kh8 27. Bd2 Re8 28. fxg5 Rxe1+ 29. Qxe1 hxg5 30. Qe7 Kg8 31. Bb4 Qa8 32. Qxf6 Qe8 33. Qxg5+ Kf7 34. Qh5+ 1-0

[Event "33.Schlosspark-Open"]
[Site "Wiesbaden-Biebrich"]
[Date "2024.08.23"]
[Round "2.70"]
[White "Bratmann, Marc"]
[Black "Goodwin, David"]
[Result "1-0"]
[WhiteElo "1853"]
[BlackElo "1636"]
[PlyCount "145"]
[EventDate "2024.08.22"]
[WhiteTeam "Sfr Stiller Zug Wiesbaden"]
[BlackTeam "SV 1920 Kelsterbach"]

1. d4 Nf6 2. Bf4 d6 3. Nc3 g6 4. e4 Nh5 5. Be3 c6 6. Be2 Nf6 7. f4 d5 8. Bf3 dxe4 9. Nxe4 Nd5 10. Bd2 Bg7 11. c3 Qc7 12. Ne2 Bf5 13. O-O Nd7 14. a4 N7f6 15. Nxf6+ Nxf6 16. Ng3 Bd3 17. Re1 Rd8 18. Be2 Be4 19. Nxe4 Nxe4 20. Be3 e6 21. Qc2 Nf6 22. b4 Nd5 23. Qc1 Nxe3 24. Qxe3 O-O 25. Rab1 Bh6 26. Rf1 Rfe8 27. Bc4 Re7 28. Qf3 Bg7 29. Kh1 a6 30. a5 b6 31. axb6 Qxb6 32. Ra1 Ra7 33. Ra5 Bf8 34. Rfa1 Bxb4 35. Rxa6 Rxa6 36. Rxa6 Qb8 37. cxb4 Qxb4 38. Rxc6 Rxd4 39. Qf1 Rd2 40. Qe1 Qb2 41. Bf1 Qd4 42. Rc4 Qd5 43. Qe4 Rd1 44. Kg1 Qd2 45. Qe5 Qd7 46. Rc7 Qd4+ 47. Qxd4 Rxd4 48. g3 Rd1 49. Kf2 Kg7 50. Ke2 Rd6 51. Bg2 Kf6 52. Be4 Rb6 53. g4 Rb2+ 54. Rc2 Rb4 55. Ke3 Rb6 56. h4 h6 57. Rc3 g5 58. hxg5+ hxg5 59. f5 Rd6 60. fxe6 fxe6 61. Rd3 Rb6 62. Rc3 Rb5 63. Kd4 Rb4+ 64. Rc4 Rb2 65. Rc3 Rb4+ 66. Kd3 Rb2 67. Kc4 Ke5 68. Bc6 Rf2 69. Re3+ Kd6 70. Bf3 Rc2+ 71. Kd4 Rd2+ 72. Rd3 Rf2 73. Ke3+ 1-0

[Event "33.Schlosspark-Open"]
[Site "Wiesbaden-Biebrich"]
[Date "2024.08.23"]
[Round "2.73"]
[White "Wöhl, Torsten"]
[Black "Mohammadzadeh, Daris"]
[Result "0-1"]
[WhiteElo "1657"]
[BlackElo "1843"]
[PlyCount "82"]
[EventDate "2024.08.22"]
[WhiteTeam "SC Groß-Zimmern"]
[BlackTeam "Vorw.Orient Mainz"]

1. d4 d5 2. Bf4 e6 3. Nc3 Bd6 4. Bxd6 cxd6 5. e4 dxe4 6. Nxe4 Nf6 7. Bd3 Nxe4 8. Bxe4 Qb6 9. Rb1 Bd7 10. Ne2 O-O 11. O-O Re8 12. c3 Bc6 13. Ng3 Qa5 14. a3 Nd7 15. Bc2 Nf6 16. c4 Qc7 17. Ba4 Qd7 18. Bb3 b5 19. Nh5 Nxh5 20. Qxh5 bxc4 21. Bxc4 Be4 22. Bb5 Bc6 23. Bd3 g6 24. Qg5 d5 25. h4 Bb5 26. Rbd1 Bxd3 27. Rxd3 Qd8 28. Qg3 Qb8 29. h5 Qxg3 30. Rxg3 Rab8 31. hxg6 hxg6 32. b3 Rec8 33. Rd1 a5 34. Rdd3 Rc1+ 35. Kh2 Rc2 36. Rgf3 Ra2 37. a4 Rb2 38. Kg3 Kg7 39. Kf4 Rh8 40. Ke5 Rh2 41. Rf6 Rh5+ 0-1

[Event "33.Schlosspark-Open"]
[Site "Wiesbaden-Biebrich"]
[Date "2024.08.23"]
[Round "2.74"]
[White "Wernicke, Dieter"]
[Black "Riedel, Thomas"]
[Result "0-1"]
[WhiteElo "1641"]
[BlackElo "1838"]
[PlyCount "60"]
[EventDate "2024.08.22"]
[WhiteTeam "SV Mainspitze Ginsheim"]
[BlackTeam "Hünfelden"]

1. e4 c5 2. d3 Nc6 3. Be2 g6 4. f4 Bg7 5. Nf3 d6 6. c3 f5 7. O-O Nh6 8. Qb3 Na5 9. Qc2 O-O 10. Kh1 Nf7 11. Be3 Qc7 12. Nbd2 e5 13. Rac1 Be6 14. d4 cxd4 15. cxd4 Qxc2 16. Rxc2 fxe4 17. Nxe4 Bf5 18. Bd3 d5 19. Nxe5 Nxe5 20. dxe5 Bxe4 21. Bxe4 dxe4 22. b4 Nc6 23. Bc5 Rf7 24. Kg1 Bf8 25. Rc4 Bxc5+ 26. bxc5 e3 27. Re1 Rd8 28. Rxe3 Rd1+ 29. Kf2 Rd2+ 30. Re2 Nxe5 0-1

[Event "33.Schlosspark-Open"]
[Site "Wiesbaden-Biebrich"]
[Date "2024.08.23"]
[Round "2.75"]
[White "Michalski, Uwe"]
[Black "Chen, Lilly"]
[Result "1-0"]
[WhiteElo "1826"]
[BlackElo "1603"]
[PlyCount "81"]
[EventDate "2024.08.22"]
[WhiteTeam "Sfr.Mainz 1928"]
[BlackTeam "Sfr Stiller Zug Wiesbaden"]

1. e4 d6 2. f4 g6 3. d4 Bg7 4. Nc3 a6 5. Be3 Nd7 6. Nf3 e6 7. h4 Ne7 8. h5 h6 9. hxg6 fxg6 10. Nh4 Nf8 11. Qf3 Nc6 12. O-O-O g5 13. Qh5+ Kd7 14. d5 gxh4 15. dxc6+ bxc6 16. e5 Qe7 17. exd6 cxd6 18. Bc5 Qf6 19. Bxd6 Qf5 20. Qxf5 exf5 21. Be5+ Ke7 22. Bxg7 Rh7 23. Be5 Ng6 24. Bd6+ Ke8 25. Bc4 Rd7 26. Rhe1+ Kd8 27. Be6 Rg7 28. Be5+ Ke7 29. Bxc8 Nxe5 30. Rxe5+ Kf7 31. Rxf5+ Kg8 32. Rd8+ Kh7 33. Rff8 Raa7 34. Bf5+ Rg6 35. Rh8+ Kg7 36. Rdg8+ Kf7 37. Rxg6 Re7 38. Rh7+ Kf8 39. Rf6+ Kg8 40. Rxe7 h5 41. Rxc6 1-0

[Event "33.Schlosspark-Open"]
[Site "Wiesbaden-Biebrich"]
[Date "2024.08.23"]
[Round "2.76"]
[White "Machwirth, Ernst"]
[Black "Schmidt, Jörg"]
[Result "1/2-1/2"]
[WhiteElo "1638"]
[BlackElo "1823"]
[PlyCount "66"]
[EventDate "2024.08.22"]
[WhiteTeam "Sfr Stiller Zug Wiesbaden"]
[BlackTeam "SK Niederbrechen 1948"]

1. f4 d5 2. Nf3 c5 3. e3 Nf6 4. b3 g6 5. Bb2 Bg7 6. Be2 O-O 7. O-O Nc6 8. Ne5 d4 9. Nxc6 bxc6 10. Bf3 Qb6 11. e4 e6 12. d3 a5 13. a4 Bb7 14. g4 c4 15. Ba3 cxb3 16. Bxf8 bxc2 17. Qxc2 Bxf8 18. Nd2 Bb4 19. Rab1 Rc8 20. g5 Ne8 21. Nc4 Qa7 22. e5 Ba6 23. Rfc1 c5 24. Qg2 Rc7 25. Rc2 Ng7 26. Bg4 Nf5 27. Bxf5 exf5 28. h4 Bb7 29. Qh3 Bc6 30. Ra1 Re7 31. h5 Qd7 32. hxg6 fxg6 33. Kf2 Qe8 1/2-1/2

[Event "33.Schlosspark-Open"]
[Site "Wiesbaden-Biebrich"]
[Date "2024.08.23"]
[Round "2.77"]
[White "Cichon, Jörg"]
[Black "Will, Elina"]
[Result "1/2-1/2"]
[WhiteElo "1818"]
[BlackElo "1596"]
[PlyCount "51"]
[EventDate "2024.08.22"]
[WhiteTeam "Sfr.Mainz 1928"]
[BlackTeam "TuS Makkabi Wiesbaden"]

1. e4 e6 2. d3 d5 3. Nd2 Nf6 4. e5 Nfd7 5. d4 c5 6. c3 Nc6 7. Ngf3 Qb6 8. Nb3 f6 9. dxc5 Bxc5 10. Nxc5 Qxc5 11. Be3 Qa5 12. exf6 Nxf6 13. Be2 Bd7 14. Bf4 O-O 15. Bd6 Rfe8 16. O-O Qb6 17. Ba3 Rac8 18. Nd4 e5 19. Nb3 a6 20. Bc5 Qc7 21. Be3 Bf5 22. Rc1 Rcd8 23. Bg5 Re6 24. h3 h6 25. Bxf6 Rxf6 26. Bg4 1/2-1/2

[Event "33.Schlosspark-Open"]
[Site "Wiesbaden-Biebrich"]
[Date "2024.08.23"]
[Round "2.79"]
[White "Kanagaraj, Aarav"]
[Black "Feick, Claas Marten"]
[Result "1/2-1/2"]
[WhiteElo "1636"]
[BlackElo "1811"]
[PlyCount "131"]
[EventDate "2024.08.22"]
[WhiteTeam "TSV Schott Mainz"]
[BlackTeam "SF Neuberg"]

1. Nf3 Nf6 2. g3 e6 3. Bg2 Be7 4. O-O O-O 5. d4 d5 6. b3 b6 7. c4 Ba6 8. Nbd2 Nbd7 9. Bb2 Rc8 10. Rc1 Re8 11. Re1 h6 12. Qc2 c5 13. e3 cxd4 14. exd4 dxc4 15. bxc4 Bb4 16. Qb3 Be7 17. Qa4 Nb8 18. Ba3 Bxa3 19. Qxa3 Bb7 20. c5 bxc5 21. Rxc5 Rxc5 22. Qxc5 Qb6 23. Qxb6 axb6 24. Rb1 Nbd7 25. Nc4 Be4 26. Rb2 Rc8 27. Ncd2 Rc1+ 28. Nf1 Nd5 29. Ne5 Bxg2 30. Kxg2 Nxe5 31. dxe5 Re1 32. f4 g5 33. Rf2 Re4 34. Kf3 Re1 35. Kg2 Re4 36. Kf3 Rd4 37. Rd2 Rc4 38. fxg5 hxg5 39. Kf2 Re4 40. Re2 Rxe2+ 41. Kxe2 Nc3+ 42. Kd3 Nxa2 43. Kc4 Kg7 44. Kb5 Nc1 45. Nd2 Nd3 46. Nc4 Kg6 47. g4 Ne1 48. Nd2 Nc2 49. Nf3 Ne3 50. h3 Nd5 51. Kc6 Nf4 52. Ng1 Nd3 53. Nf3 Nf4 54. Ng1 Nd5 55. Nf3 Kh6 56. Kb5 Kg6 57. Kc6 f5 58. exf6 Kxf6 59. Kd6 Nf4 60. h4 gxh4 61. Nxh4 Kg5 62. Nf3+ Kxg4 63. Nd4 Kg3 64. Nxe6 b5 65. Kc5 Nxe6+ 66. Kxb5 1/2-1/2

[Event "33.Schlosspark-Open"]
[Site "Wiesbaden-Biebrich"]
[Date "2024.08.23"]
[Round "2.80"]
[White "Bährle, Julius"]
[Black "van Bömmel, Philipp"]
[Result "1/2-1/2"]
[WhiteElo "1603"]
[BlackElo "1800"]
[PlyCount "29"]
[EventDate "2024.08.22"]
[WhiteTeam "Sfr Stiller Zug Wiesbaden"]
[BlackTeam "SC 1979 Hattersheim"]

1. Nf3 c5 2. g3 Nf6 3. c4 g6 4. Nc3 Nc6 5. Bg2 Bg7 6. O-O O-O 7. e3 e6 8. d4 cxd4 9. exd4 d5 10. cxd5 exd5 11. Re1 Bf5 12. a3 Re8 13. Rxe8+ Qxe8 14. Qe1 Qxe1+ 15. Nxe1 1/2-1/2

[Event "33.Schlosspark-Open"]
[Site "Wiesbaden-Biebrich"]
[Date "2024.08.23"]
[Round "2.82"]
[White "Winter, Victor"]
[Black "Fröhlich-Dill, Astrid"]
[Result "0-1"]
[WhiteElo "1603"]
[BlackElo "1794"]
[PlyCount "168"]
[EventDate "2024.08.22"]
[WhiteTeam "Rodgau"]
[BlackTeam "SV 1920 Hofheim"]

1. e4 e6 2. d4 b6 3. c4 d5 4. Bd3 Bb7 5. Nc3 dxe4 6. Bxe4 Bxe4 7. Nxe4 Bb4+ 8. Nc3 Bxc3+ 9. bxc3 Nf6 10. Ba3 Nbd7 11. Nf3 c5 12. O-O O-O 13. Re1 Re8 14. Qd3 Qc7 15. Bb2 Rac8 16. Rac1 Red8 17. Qe3 h6 18. h3 Re8 19. Rc2 Qb7 20. Bc1 Qa6 21. Qd3 Red8 22. Qe2 Nf8 23. Bf4 Ng6 24. Bg3 Nh5 25. Bh2 Ngf4 26. Qf1 Qb7 27. Re3 g5 28. g4 Nf6 29. Bg3 cxd4 30. cxd4 N6d5 31. Rb3 Nf6 32. Rbb2 Ne4 33. Bxf4 gxf4 34. Qc1 Ng5 35. Nxg5 hxg5 36. Rd2 Qe4 37. Qc3 Rc7 38. Rd1 Rdc8 39. Re1 Rxc4 40. Rxe4 Rxc3 41. Kg2 R8c6 42. d5 exd5 43. Re5 d4 44. Rxg5+ Kf8 45. Rd5 R6c4 46. Rd2 d3 47. R5xd3 Rxd3 48. Rxd3 Ra4 49. Rd2 Kg7 50. h4 f6 51. f3 Kg6 52. h5+ Kh6 53. Kf2 b5 54. Ke2 Ra3 55. Kf2 b4 56. Rb2 a5 57. Ke2 Rc3 58. Rd2 Ra3 59. Rb2 Kg5 60. Rd2 a4 61. Rd5+ Kh6 62. Rd2 Re3+ 63. Kf2 b3 64. axb3 Rxb3 65. Rd4 Rb2+ 66. Ke1 a3 67. Rxf4 a2 68. Rxf6+ Kg7 69. Rg6+ Kh7 70. Ra6 Rb1+ 71. Kf2 a1=Q 72. Rxa1 Rxa1 73. g5 Rh1 74. h6 Kg6 75. f4 Kf5 76. Kg2 Ra1 77. Kg3 Ra3+ 78. Kh4 Ra1 79. Kg3 Ra7 80. Kh4 Kxf4 81. Kh5 Kf5 82. Kh4 Kg6 83. Kg4 Ra4+ 84. Kg3 Kxg5 0-1